Routing and Switching : Time of Convergence? /

Gespeichert in:
Bibliographische Detailangaben
1. Verfasser: Puzmanová, Rita (autor)
Format: Buch
Sprache:Englisch
Veröffentlicht: Boston, EUA : Addison-Wesley, 2002, c2002
Schlagworte:
Tags: Tag hinzufügen
Keine Tags, Fügen Sie das erste Tag hinzu!

MARC

LEADER 00000nam^a2200000^a^4500
001 000137053
005 20250521000000.0
009 20260310095340.187
020 |a 0-201-39861-3 
037 |a Acervo ITESO - Biblioteca 
041 |a ING 
082 |a 621. 38212  |b PUZ 
100 |a Puzmanová, Rita  |e (autor) 
245 1 0 |a Routing and Switching :  |b Time of Convergence? /  |c R. Puzmanová. 
264 4 |a Boston, EUA :  |b Addison-Wesley,  |c 2002, c2002 
300 |a XXII, 984 p. 
336 |a texto  |b txt  |2 rdacontenido 
337 |a sin mediación  |b n  |2 rdamedio 
338 |a volumen  |b nc  |2 rdasoporte 
649 |a XX 
650 |a Protocolos de Comunicación -  |x Tema Principal 
650 |a Transmisión de Datos 
650 |a Redes de Computadoras -  |x Diseño y Construcción 
650 |a Redes de Computadoras -  |x Administración 
650 |a Comunicación en Red 
650 |a Sistemas de Telecomunicación 
650 |a Telecomunicaciones 
650 |a Ingeniería Computacional 
910 |a Fondo General 
920 |a Impresos - Libros 
930 |a Colección General 
905 |a 101 
901 |a 0500065854  |b IT1  |c ACC  |u 20250521 
902 |a https://opac.biblio.iteso.mx/vufind/Record/000137053